Corrosion engineering (Record no. 28898)

000 -LEADER
fixed length control field 00595nam a22002297a 4500
001 - CONTROL NUMBER
control field 28898
003 - CONTROL NUMBER IDENTIFIER
control field BD-DhUET
008 - FIXED-LENGTH DATA ELEMENTS--GENERAL INFORMATION
fixed length control field 150614b xxu||||| |||| 00| 0 eng d
020 ## - INTERNATIONAL STANDARD BOOK NUMBER
International Standard Book Number 9789848725085
020 ## - INTERNATIONAL STANDARD BOOK NUMBER
International Standard Book Number 09848725083
040 ## - CATALOGING SOURCE
Transcribing agency 0
Modifying agency BD-DhUET
082 ## - DEWEY DECIMAL CLASSIFICATION NUMBER
Classification number 620.1122
Item number NOO/2010
100 ## - MAIN ENTRY--PERSONAL NAME
Personal name Nooruddin Ahmed
245 ## - TITLE STATEMENT
Title Corrosion engineering
Remainder of title an introductory text
250 ## - EDITION STATEMENT
Edition statement 2nd ed.
260 ## - PUBLICATION, DISTRIBUTION, ETC. (IMPRINT)
Place of publication, distribution, etc. Dhaka
Name of publisher, distributor, etc. Calico Printers
Date of publication, distribution, etc. 2010
300 ## - PHYSICAL DESCRIPTION
Extent xx, 263p.
Other physical details ill.
504 ## - BIBLIOGRAPHY, ETC. NOTE
Bibliography, etc Includes bibliographies
650 #0 - SUBJECT ADDED ENTRY--TOPICAL TERM
Topical term or geographic name as entry element Corrosion and Anti-Corrosion
700 ## - ADDED ENTRY--PERSONAL NAME
Personal name Iqbal Mahmud
942 ## - ADDED ENTRY ELEMENTS (KOHA)
Koha item type General Book
Holdings
Piece designation (barcode) Sublocation or collection (holding branch) Lost status Not for loan Koha date last seen Koha full call number Withdrawn status Koha date last borrowed Location (home branch) Koha normalized classification for sorting Koha item type Shelving location Damaged status Koha issues (times borrowed) Source of classification or shelving scheme Price effective from Date acquired Copy number
111106Central Library, BUET  2015-06-14620.1122/NOO/2010  Central Library, BUET620_112200000000000_NOO_2010Reading ItemReading section   2015-06-142015-06-141
111107Central Library, BUET  2026-05-19620.1122/NOO/2010 2025-12-01Central Library, BUET620_112200000000000_NOO_2010General BookCirculation section 52 2016-11-152016-11-152